Detalles macabros (Record no. 4777)

MARC details
000 -CABECERA
campo de control de longitud fija 02897nam a2200301 i 4500
001 - NÚMERO DE CONTROL
campo de control 991061308315506706
005 - FECHA Y HORA DE LA ÚLTIMA TRANSACCIÓN
campo de control 20250619133648.0
008 - DATOS DE LONGITUD FIJA--INFORMACIÓN GENERAL
campo de control de longitud fija 250402e202410 spca||| |||| 0|1 0 spa|
015 ## - NÚMERO DE BIBLIOGRAFÍA NACIONAL
Número de bibliografía nacional LL2025
Fuente bnc
017 ## - NÚMERO DE COPYRIGHT O DE DEPÓSITO LEGAL
Número de copyright o de depósito legal DL B 16975-2024
Agencia que asigna Biblioteca de Catalunya
020 ## - NÚMERO INTERNACIONAL ESTÁNDAR DEL LIBRO
Número Internacional Estándar del Libro 9788482987712
040 ## - FUENTE DE LA CATALOGACIÓN
Centro catalogador/agencia de origen ES-BaBC
Lengua de catalogación cat
Normas de descripción rda
Centro/agencia transcriptor ES-BaBC
041 1# - CÓDIGO DE LENGUA
Código de lengua del texto/banda sonora o título independiente Spanish
Código de lengua original English
100 ## - ENTRADA PRINCIPAL--NOMBRE DE PERSONA
Nombre de persona Engelhaupt, Erika,
Término indicativo de función/relación author
9 (RLIN) 25536
240 10 - TÍTULO UNIFORME
Título uniforme Gory details.
Lenguaje de la obra Spanish
245 10 - MENCIÓN DE TÍTULO
Título Detalles macabros
Resto del título : historias del lado oscuro de la ciencia
Mención de responsabilidad, etc. / Erika Engelhaupt ; traducción de Ricardo García Herrero
250 ## - MENCIÓN DE EDICIÓN
Mención de edición First edition
264 #1 - PRODUCCIÓN, PUBLICACIÓN, DISTRIBUCIÓN, FABRICACIÓN Y COPYRIGHT
Producción, publicación, distribución, fabricación y copyright [Barcelona] :
Nombre del de productor, editor, distribuidor, fabricante National Geographic,
Fecha de producción, publicación, distribución, fabricación o copyright 2024
300 ## - DESCRIPCIÓN FÍSICA
Extensión 333 pages:
Otras características físicas illustrations;
Dimensiones 22 cm
504 ## - NOTA DE BIBLIOGRAFÍA, ETC.
Nota de bibliografía, etc. Índex
520 ## - SUMARIO, ETC.
Sumario, etc. Packed with mind-bending facts, this wickedly entertaining narrative from the author of National Geographic’s popular Gory Details blog takes readers on a riveting journey through the bizarre and fascinating corners of science. Blending sharp humour with solid journalism in the spirit of Mary Roach, acclaimed science writer Erika Engelhaupt delves into the strange, the gross, and the downright absurd mysteries of our bodies and the universe around us. From a biologist who stung himself with nearly every insect imaginable to an investigation of the world’s most lethal mammals, this book uncovers the overlooked but irresistibly curious side of biology, anatomy, space exploration, and nature. Featuring interviews with leading scientists and served with a generous helping of wit, this provocative and enlightening read showcases the unexpected wonders of science in all their messy, marvellous glory.
520 ## - SUMARIO, ETC.
Sumario, etc. Repleto de datos que desafían la mente, este relato tan entretenido como irreverente —obra de la autora del popular blog Gory Details de National Geographic— nos lleva a un fascinante viaje por los rincones más extraños y sorprendentes de la ciencia. Combinando un agudo sentido del humor con un periodismo riguroso al estilo de Mary Roach, la reconocida divulgadora científica Erika Engelhaupt se sumerge en los misterios más insólitos, escabrosos y absurdos de nuestro cuerpo y del universo que nos rodea. Desde un biólogo que se dejó picar por casi todos los insectos imaginables hasta una investigación sobre los mamíferos más letales del planeta, este libro revela el lado más curioso —y a menudo ignorado— de la biología, la anatomía, la exploración espacial y la naturaleza. Con entrevistas a destacados investigadores y una generosa dosis de ingenio, esta lectura provocadora y reveladora celebra las maravillas inesperadas de la ciencia en todo su glorioso —y caótico— esplendor.
650 #0 - PUNTO DE ACCESO ADICIONAL DE MATERIA--TÉRMINO DE MATERIA
Término de materia o nombre geográfico como elemento de entrada Life sciences
9 (RLIN) 7317
650 #0 - PUNTO DE ACCESO ADICIONAL DE MATERIA--TÉRMINO DE MATERIA
Término de materia o nombre geográfico como elemento de entrada Medicine
9 (RLIN) 25537
653 ## - TÉRMINO DE INDIZACIÓN--NO CONTROLADO
Término no controlado Curiosities and enigmas
700 ## - ENTRADA AGREGADA--NOMBRE PERSONAL
Nombre de persona García Herrero, Ricardo,
Término indicativo de función/relación translator
9 (RLIN) 25538
942 ## - ELEMENTOS DE ENTRADA AGREGADA (KOHA)
Fuente del sistema de clasificación o colocación Clasificación de Library of Congress
Holdings
Estado de retiro Estado de pérdida Fuente del sistema de clasificación o colocación Estado dañado No para préstamo Biblioteca de origen Biblioteca actual Fecha de adquisición Total de préstamos Signatura topográfica completa Código de barras Fecha visto por última vez Número de copia Precio válido a partir de Tipo de ítem Koha
    Clasificación de Library of Congress     TBS Barcelona TBS Barcelona 19/06/2025   Q173 ENG B06007 19/06/2025 1 19/06/2025 Book

Powered by Koha